Statistics for 60 Home Runs in a Season Club

Click here to take the quiz!

General Stats

  • This quiz has been taken 6,082 times
  • The average score is 5 of 6

Answer Stats

YearsPlayer% Correct
1927Babe Ruth
97%
2001Barry Bonds
92%
2022Aaron Judge
91%
1998, 1999Mark McGwire
84%
1998, 1999, 2001Sammy Sosa
84%
1961Roger Maris
76%

Score Distribution

Percentile by Number Answered

Percent of People with Each Score

Your Score History

You have not taken this quiz